| 000 | 00624nam a2200181Ia 4500 | ||
|---|---|---|---|
| 008 | 090630s9999 xx 000 0 und d | ||
| 082 | _b925 | ||
| 100 | _aकेळकर न. चि. | ||
| 245 |
_aगतगोष्टींची पुरवणी. _cकेळकर न. चि. |
||
| 260 |
_bकेळकर का. न. _c1941 |
||
| 300 | _a397 | ||
| 600 | _aकेळकर न. चि. | ||
| 630 | _aगतगोष्टींची पुरवणी. | ||
| 655 | _aइतर. | ||
| 700 | _aकेळकर न. चि. | ||
| 730 | _aगतगोष्टींची पुरवणी. | ||
| 942 | _cBOOK | ||
| 999 |
_c252781 _d252781 |
||